000 00523nam a2200181Ia 4500
003 GCL
008 140319s9999 xx 000 0 ara d
040 _aGCL /
_cGCL
082 0 4 _a910.133
_bى ج
100 1 _aيسرى الجوهرى
245 1 0 _aالجغرافيا الاقتصادية /
_cيسرى الجوهرى
300 _a421 ص
490 _a
650 0 4 _aالاحوال الاقتصادية
650 0 4 _aالجغرافيا الاقتصادية
650 0 4 _aالثروة المائية
942 _2ddc
_cBK
999 _c41644
_d41644